Statistiques concernant Pays avec la lettre R comme deuxième lettre

Cliquez ici pour prendre le quiz!

Statistiques générales

  • Ce quiz a été pris 1 352 fois
  • Le résultat moyen est 10 sur 16

Statistiques - réponses

Pays% Correct
France
88%
Armenie
86%
Argentine
80%
Brésil
79%
Croatie
77%
Arabie Saoudite
70%
Irlande
70%
Grèce
69%
Iran
60%
Irak
59%
Uruguay
57%
Érythrée
53%
Brunei
51%
Sri Lanka
49%
Grenade
44%
Trinité-et-Tobago
44%

Distribution des résultats

Percentile par nombre de réponses

% des personnes avec chaque résultat

Votre développement - résultats

Vous n’avez pas pris ce quiz